Etelä-Karjalan urheiluseuroja - Statistics

Yleistilastot
  • Tätä visaa on pelattu 26 kertaa
  • Keskiarvotulos 3 / 6
Vastaustilastot
Kuvavisa Hint Vastaus % Oikein
Liiga Saimaan Pallo
100%
Mestis Imatran Ketterä
70%
M Superpesis Imatran Pallo-Veikot
61%
Suomi-sarja PEPO Hockey
52%
N Ykköspesis Pesä Ysit
35%
N Bandyliiga Wiipurin Sudet
17%
Ehtoja vastaavia visoja ei löytynyt
Tulosjakauma
Jokaisen tuloksen saaneiden osuus
Persentiili vastausten määrän mukaan
Tuloshistoriasi
Et ole pelannut tätä visaa